000 01377naa a22003737a 4500
001 BR9404707
003 BR-BrBNA
005 20250721155504.0
007 ta
008 250630b bl.|||m| |||| 00| 0 por d
040 _aBR-BrBNA
_bpor
_cBiblioteca Nacional de Agricultura
041 _a(Pt)
072 _aQ02; Q04
_b9410
_b9430
_b9415
_b9480
090 _aQ02 BR9404707
100 1 _aHuhn, S.
100 1 _aLourenco Junior, J. de B.
100 1 _aCarvalho, L.O.D. de M.
100 1 _aNascimento, C.N.B. do
100 1 _aVieira, L.C.
111 1 _a1. Simposio do Tropico Umido
_cBelem, PA (Brazil)
_d12-17 Nov 1984
245 1 _aAproveitamento do leite de bufala em produtos derivados
500 _aAnais do 1. Simposio do Tropico Umido. V. 5 Pastagem e producao animal Belem, PA (Brasil): 1986. p. 265-269 [Summaries (En, Pt); 15 ref.] (BR9404707-AMS)
773 0 _tAnais do 1. Simposio do Tropico Umido. V. 5 Pastagem e producao animal
_wQ02 BR9404707
_gBelem, PA (Brasil), 1986. p. 265-269
650 _aBufalo
650 _aLeite
650 _aDoce de Leite
650 _aIogurte
650 _aQueijo
650 _aTecnologia de Alimento
650 _aComposicao Quimica
490 _aDocumentos - Centro de Pesquisa Agropecuaria do Tropico Umido (Brazil)
_vno. 36
_xISSN 0101-2835
942 _cAMS
_2AGRIS
909 _a202506
_bLúcia
_c55
_dLúcia Elande
999 _c336786
_d336786